Online
Catalog

Britanico. Berenice. Bayaceto / (Record no. 53642)

MARC details
000 -CABECERA
campo de control de longitud fija 00753nam a2200253 i 4500
003 - IDENTIFICADOR DEL NÚMERO DE CONTROL
campo de control DO-SdBNP
005 - FECHA Y HORA DE LA ÚLTIMA TRANSACCIÓN
campo de control 20230529140405.0
007 - CAMPO FIJO DE DESCRIPCIÓN FÍSICA--INFORMACIÓN GENERAL
campo de control de longitud fija ta
008 - DATOS DE LONGITUD FIJA--INFORMACIÓN GENERAL
campo de control de longitud fija 230529b1946 sp ||||| |||| 00| 0 spa d
040 ## - FUENTE DE LA CATALOGACIÓN
Centro catalogador/agencia de origen DO-SdBNP
Lengua de catalogación spa
Centro/agencia transcriptor BNPHU
Normas de descripción rda
082 #4 - NÚMERO DE LA CLASIFICACIÓN DECIMAL DEWEY
Número de edición 22
100 1# - ENTRADA PRINCIPAL--NOMBRE DE PERSONA
Nombre de persona Racine, Jean,
Fechas asociadas al nombre 1639-1699
Término indicativo de función/relación autor
9 (RLIN) 83473
245 10 - MENCIÓN DE TÍTULO
Título Britanico. Berenice. Bayaceto /
Mención de responsabilidad, etc. Jean Racine ; prólogo Fermín de Iruña
264 ## - PRODUCCIÓN, PUBLICACIÓN, DISTRIBUCIÓN, FABRICACIÓN Y COPYRIGHT
Producción, publicación, distribución, fabricación y copyright Madrid :
Nombre del de productor, editor, distribuidor, fabricante Aguilar
Fecha de producción, publicación, distribución, fabricación o copyright 1946.
300 ## - DESCRIPCIÓN FÍSICA
Extensión 462 páginas ;
Dimensiones 12 cm.
336 ## - TIPO DE CONTENIDO
Fuente rdacontent
Término de tipo de contenido texto
Código de tipo de contenido txt
337 ## - TIPO DE MEDIO
Fuente rdamedia
Nombre/término del tipo de medio sin mediación
Código del tipo de medio n
338 ## - TIPO DE SOPORTE
Fuente rdacarrier
Nombre/término del tipo de soporte volumen
Código del tipo de soporte nc
490 ## - MENCIÓN DE SERIE
Mención de serie Crisol
Designación de volumen o secuencia 167
590 ## - NOTA LOCAL (RLIN)
Nota local Inventariado, 2023/BT
700 ## - PUNTO DE ACCESO ADICIONAL--NOMBRE DE PERSONA
Nombre de persona Iruña, Fermín de,
Término indicativo de función/relación prólogo
9 (RLIN) 83474
910 ## - DATOS DE OPCIÓN DEL USUARIO (OCLC)
Datos de opción del usuario Btavárez
942 ## - ELEMENTOS DE PUNTO DE ACCESO ADICIONAL (KOHA)
Fuente del sistema de clasificación o colocación Dewey Decimal Classification
Tipo de ítem Koha Libro
Holdings
Estado de retiro Estado de pérdida Fuente del sistema de clasificación o colocación Restricciones de uso No para préstamo Código de colección Localización permanente Ubicación/localización actual Ubicación en estantería Fecha de adquisición Fuente de adquisición Total de préstamos Código de barras Fecha visto por última vez Precio válido a partir de Tipo de ítem Koha Nota pública
    Dewey Decimal Classification Excluido de préstamo   General Biblioteca Nacional Pedro Henríquez Ureña Biblioteca Nacional Pedro Henríquez Ureña En catalogación 29.05.2023 Donación   2023-2100 29.05.2023 29.05.2023 Libro Perteneció a la biblioteca personal de Mariano Lebrón Saviñón.

Powered by Koha